000 01260cab a22002055a 4500
001 L156547
008 120606e2012 xxk 000 0 eng d
035 _a(Sirsi) u156547
041 0 _aeng
110 2 _aDTZ
245 0 0 _aDTZ Foresight Europe fair value Q1 2012
_h[electronic resource]
260 _aLondon
_bDTZ
_c2012
490 0 _aDTZ Foresight Europe Fair Value
_vQ1 2012 29 May 2012
520 _aThe DTZ Fair Value Index score for Europe stood at 46 at the end of Q1 2012 up from 36 for Q4 2011, an increase due to an upward revision in several core markets displaying more attractive pricing relative to falling government bond yields. The widening yield premium offered to property investors in core markets resulted in upgrades to German, UK and Nordic markets over the past two quarters. Forecasts are revised this quarter. London is expected to lead rental growth across Europe over the next five years with the key areas experiencing an average growth of 4% p.a, supported by lack of new supply.
590 _aNTK KA
651 4 _aEurope
690 _aCommercial property
_96227
856 4 0 _uhttps://www.dtz.com/Global/Research/DTZ+Foresight+Europe+Fair+Value+Q1+2012
_zView the report after free registration at www.dtz.com
942 _n0
999 _c84072
_d84072